Toute les races de chien en S (sans image) - Statistiques

Statistiques générales
  • Ce quiz a été pris 11 fois
  • Le résultat moyen est 13 sur 32
Statistiques - réponses
Réponses % Correct
22 Spitz allemand
91%
24 Spitz des Wisigoths
91%
25 Spitz Finlandais
91%
26 Spitz japonais
91%
28 Spitz-loup
91%
27 Spitz nain
91%
23 Spitz Norrbotten
91%
1 Saint-Bernard
82%
12 Shar Pei
55%
3 Samoyède
45%
9 Setter anglais
45%
10 Setter Gordon
45%
11 Setter irlandais
45%
13 Shiba Inu
45%
2 Saluki
36%
14 Shih Tzu
36%
8 Scottish Terrier
27%
31 Staffordshire Bull Terrier
27%
4 Schnauzer
18%
5 Schnauzer géant
18%
6 Schnauzer moyen
18%
7 Schnauzer nain
18%
29 Springer anglais
18%
15 Shikoku Ken
9%
16 Silky Terrier
9%
17 Skye Terrier
9%
18 Sloughi
9%
21 Spinone
9%
30 Stabyhoun
9%
32 Sussex Spaniel
9%
19 Slovensky cuvac
0%
20 Smous des Pays-bas
0%
Aucun quiz correspondant
Distribution des résultats
% des personnes avec chaque résultat
Percentile par nombre de réponses
Votre historique - résultats
Vous n’avez pas pris ce quiz